El Este contra el Oeste (Record no. 116286)

MARC details
000 -LEADER
campo de control de longitud fija 00561nam a2200169 4500
001 - NÚMERO DE CONTROL
campo de control 116286
003 - IDENTIFICADOR DE NÚMERO DE CONTROL
campo de control ES-MaACL
005 - FECHA Y HORA DE LA ÚLTIMA TRANSACCIÓN
campo de control 20230906190657.0
007 - CAMPO FIJO DE DESCRIPCIÓN FÍSICA--INFORMACIÓN GENERAL
campo de control de longitud fija t|
008 - DATOS DE LONGITUD FIJA--INFORMACIÓN GENERAL
campo de control de longitud fija 061121s1965 sp r ||||1| spa d
100 1# - ENTRADA PRINCIPAL--NOMBRE DE PERSONA
Nombre de persona Parkinson, C. Northcote.
9 (RLIN) 89190
245 13 - MENCIÓN DEL TÍTULO
Título El Este contra el Oeste
Resto del título : (Cuarta Ley de Parkinson) /
Mención de responsabilidad, etc. por Northcote C. Parkinson , traducido por Rafael Santamaría Redondo.
260 ## - PUBLICACIÓN, DISTRIBUCIÓN, ETC.
Lugar de publicación, distribución, etc. Bilbao :
Nombre del editor, distribuidor, etc. Deusto,
Fecha de publicación, distribución, etc. 1965.
300 ## - DESCRIPCIÓN FÍSICA
Extensión 352 p. ;
Dimensiones 21 cm.
700 1# - ENTRADA AGREGADA--NOMBRE PERSONAL
Nombre de persona Santamaría Redondo, Rafael.
9 (RLIN) 103314
852 ## - LOCALIZACIÓN
Ubicación ES-MaACL
Número de control de estantería C-26804
Sublocalización o colección R.55912
Holdings
Estatus retirado Estado de pérdida Estado de daño No para préstamo Biblioteca de origen Biblioteca actual Ubicación en estantería Fecha de adquisición Fuente de adquisición Total de préstamos Signatura topográfica completa Código de barras Visto por última vez Precio de reemplazo Tipo de ítem Koha
        Biblioteca del Ateneo de Madrid Biblioteca del Ateneo de Madrid Depósito 2 17/01/2008     C-26804 1121262 23/02/2023 23/02/2023 Libro impreso